Louisville KY Quiz - Statistics

General Stats
  • This quiz has been taken 18 times
    17 since last reset
  • The average score is 7 of 11
Answer Stats
Question Answer % Correct
Louisville is home to the worlds largest piece of what sports equipment Baseball Bat
100%
Well Known Horse Race Held Yearly Kentucky Derby
100%
Legendary Boxer Born Here Muhammad Ali
100%
Famous Sandwich Created at the Brown Hotel Hot Brown
80%
Annual Firework Show Thunder Over Louisville
80%
Oldest Active Steamboat Belle of Louisville
60%
Bourbon Cocktail Popular During Horseraces Mint Julep
60%
What Oscar Award Winning Actress is from Louisville Jennifer Lawrence
50%
Burger Topping first used by Louisville Restaurant Cheese
40%
Baseball Hall of Famer that grew up in Louisville Pee Wee Reese
30%
What Boston Celtics Legend is from Louisville Rajon Rondo
10%
No matching quizzes found
Score Distribution
Percent of People with Each Score
Percentile by Number Answered
Your Score History
You have not taken this quiz since the last reset